Welcome to CU Library Online Public Access Catalogue (OPAC)

Who do you say that I am? : (Record no. 6293)

MARC details
000 -LEADER
fixed length control field 00814cam a22002054a 4500
001 - CONTROL NUMBER
control field 3576041
005 - DATE AND TIME OF LATEST TRANSACTION
control field 20250605093415.0
008 - FIXED-LENGTH DATA ELEMENTS--GENERAL INFORMATION
fixed length control field 990329s1999 miu b 100 0 eng
020 ## - INTERNATIONAL STANDARD BOOK NUMBER
International Standard Book Number 0802838650 (cloth : alk. paper)
050 00 - LIBRARY OF CONGRESS CALL NUMBER
Classification number BT205
Item number .W457 1999
082 00 - DEWEY DECIMAL CLASSIFICATION NUMBER
Classification number 232
Edition information 21
245 00 - TITLE STATEMENT
Title Who do you say that I am? :
Remainder of title christology and the church /
Statement of responsibility, etc. edited by Donald Armstrong.
260 ## - PUBLICATION, DISTRIBUTION, ETC.
Place of publication, distribution, etc. Grand Rapids, Mich. :
Name of publisher, distributor, etc. W.B. Eerdmans Pub. Co.,
Date of publication, distribution, etc. c1999.
300 ## - PHYSICAL DESCRIPTION
Extent xvi, 143 p. ;
Dimensions 24 cm.
500 ## - GENERAL NOTE
General note Proceedings of the 6th international conference of the Anglican Institute, held in the fall of 1998 at the American Cathedral of the Holy Trinity, Paris, France.
650 #0 - SUBJECT ADDED ENTRY--TOPICAL TERM
Topical term or geographic name entry element Anglican Communion
General subdivision Doctrines
Form subdivision Congresses.
700 1# - ADDED ENTRY--PERSONAL NAME
Personal name Armstrong, Donald,
Titles and other words associated with a name III.
710 2# - ADDED ENTRY--CORPORATE NAME
Corporate name or jurisdiction name as entry element Anglican Institute.
942 ## - ADDED ENTRY ELEMENTS (KOHA)
Source of classification or shelving scheme Library of Congress Classification
Koha item type Books
Suppress in OPAC No
999 ## -
-- 6293
-- 6293
Holdings
Withdrawn status Lost status Source of classification or shelving scheme Damaged status Not for loan Collection Home library Current library Shelving location Date acquired Total checkouts Full call number Barcode Date last seen Copy number Price effective from Koha item type
    Library of Congress Classification     Non-fiction Undergraduate Library (Christ Temple) Undergraduate Library (Christ Temple) General stacks 06/05/2025   BT205 WHO ulct00003031 06/05/2025 1 06/05/2025 Books
    Library of Congress Classification     Non-fiction Undergraduate Library (Christ Temple) Undergraduate Library (Christ Temple) General stacks 06/05/2025   BT205 WHO ulct00003032 06/05/2025 2 06/05/2025 Books
© 2023-2024 Copyright: Central University Libraries. All Rights Reserved | Created by: Mahone Tech Office